International journal of science and technological research (Record no. 38331)

MARC details
000 -LEADER
fixed length control field 00556nam a2200169Ia 4500
022 ## - INTERNATIONAL STANDARD SERIAL NUMBER
ISSN 03318737
050 ## - CALL MARK
Classification number Q 85.4 .I58/
245 #0 - TITLE STATEMENT
Title International journal of science and technological research
260 ## - PUBLICATION, DISTRIBUTION, ETC. (IMPRINT)
Place of publication Ikot Ekpene
260 ## - PUBLICATION, DISTRIBUTION, ETC. (IMPRINT)
Name of publisher Development Universal Consortia
260 ## - PUBLICATION, DISTRIBUTION, ETC. (IMPRINT)
Year of publication 2011
300 ## - PHYSICAL DESCRIPTION
Number of Pages v. , 203 p. : ill. ; 25 cm.
650 ## - SUBJECT ADDED ENTRY--TOPICAL TERM
Topical Term Science--Periodicals. Technology--Periodicals. Science--Nigeria--Periodicals. Technology--Nigeria--Periodicals.
942 ## - ADDED ENTRY ELEMENTS (KOHA)
Koha item type Serials

No items available.